College Writing Skills with Readings (Record no. 1009)

MARC details
005 - DATE AND TIME OF LATEST TRANSACTION
control field 20250319143153.0
020 ## - INTERNATIONAL STANDARD BOOK NUMBER
International Standard Book Number 978-0-07-338409-2
082 ## - DEWEY DECIMAL CLASSIFICATION NUMBER
Classification number 808.042 LAN
100 ## - MAIN ENTRY--PERSONAL NAME
Author name LANGAN, J.
245 ## - TITLE STATEMENT
Title College Writing Skills with Readings
250 ## - EDITION STATEMENT
Edition statement 7th Ed.
260 ## - PUBLICATION, DISTRIBUTION, ETC.
Place of publication, distribution, etc. Boston
Name of publisher, distributor, etc. McGraw-Hill
Date of publication, distribution, etc. 2008
300 ## - PHYSICAL DESCRIPTION
Extent xx, 649p., ill., table, picture
Other physical details Index
Dimensions 24cm.
942 ## - ADDED ENTRY ELEMENTS (KOHA)
Source of classification or shelving scheme Dewey Decimal Classification
Koha item type Books
Holdings
Date last seen Total checkouts Full call number Barcode Cost, replacement price Price effective from Koha item type Lost status Source of classification or shelving scheme Damaged status Not for loan Withdrawn status Home library Current library Shelving location Date acquired Cost, normal purchase price
03/19/2025   808.042 LAN 0000003621 90000.00 03/19/2025 Books   Dewey Decimal Classification       College of Business Education Main Library College of Business Education Main Library General Collection 03/19/2025 30000.00
03/19/2025   808.042 LAN 0000003622 90000.00 03/19/2025 Books   Dewey Decimal Classification       College of Business Education Main Library College of Business Education Main Library General Collection 03/19/2025 30000.00
03/19/2025   808.042 LAN 0000003623 90000.00 03/19/2025 Books   Dewey Decimal Classification       College of Business Education Main Library College of Business Education Main Library General Collection 03/19/2025 30000.00
03/19/2025   808.042 LAN 0000003624 90000.00 03/19/2025 Books   Dewey Decimal Classification       College of Business Education Main Library College of Business Education Main Library General Collection 03/19/2025 30000.00
03/19/2025   808.042 LAN 0000003625 90000.00 03/19/2025 Books   Dewey Decimal Classification       College of Business Education Main Library College of Business Education Main Library General Collection 03/19/2025 30000.00